000 00439nam a2200169 a 4500
001 0000-8803
003 ELIB.Books
008 110520 1975
035 _a(ELIB.Books)0000-8949
082 _aFic
_bPhi
100 _aPhillips, Keith W.
245 _aThey Dare to Love the Ghetto
260 _bGlendale: A Division of G/L Publications
_c1975
650 _aFiction
942 _2ddc
_cBK
998 _cbat
_e2011-05-20
999 _c8803
_d8803